Vista normal
Vista MARC
Entrada Término de materia
Número de registros utilizados en: 781
001 - NÚMERO DE CONTROL
- Campo de control: 28236
003 - IDENTIFICADOR DE NÚMERO DE CONTROL
- Campo de control: ES-MaCES
005 - FECHA Y HORA DE LA ULTIMA MODIFICACION
- Campo de control: 19981120142300.0
008 - ELEMENTOS DE DATOS DE LONGITUD FIJA
- Campo de longitud fija: 981120 | azznnbabn || ana d
035 ## - NÚMERO DE CONTROL DEL SISTEMA
- Número de control del sistema: (ILOT)2792
035 ## - NÚMERO DE CONTROL DEL SISTEMA
- Número de control del sistema: CES19980017109s
040 ## - FUENTE DE LA CATALOGACIÓN
- Agencia original de catalogación: ES-MaCES
- Idioma de catalogación: spa
- Agencia de transcripción: ES-MaCES
072 #7 - CÓDIGO DE CATEGORIA DE MATERIA
- Código de categoría temática: 12.06.2
- Fuente del código: ilot
150 ## - ENCABEZAMIENTO--MATERIA
- Término de materia o geográfico como elemento de entrada: cambio tecnológico
450 ## - TRAZADO VEÁSE--MATERIA
- Término de materia o nombre geográfico como elemento de entrada: progreso técnico
550 ## - TRAZADO VEÁSE ADEMÁS--MATERIA
- Término de materia o nombre geográfica como elemento de entrada: automatización
550 ## - TRAZADO VEÁSE ADEMÁS--MATERIA
- Término de materia o nombre geográfica como elemento de entrada: computerización
550 ## - TRAZADO VEÁSE ADEMÁS--MATERIA
- Término de materia o nombre geográfica como elemento de entrada: tecnología
750 #7 - ENTRADA DE ENLACE DE ENCABEZAMIENTO ESTABLECIDO--MATERIA
- Término de materia o nombre geográfico como elemento de entrada: changement technologique
- Fuente del encabezamiento o término: tbit
750 #7 - ENTRADA DE ENLACE DE ENCABEZAMIENTO ESTABLECIDO--MATERIA
- Término de materia o nombre geográfico como elemento de entrada: technological change
- Fuente del encabezamiento o término: ilot
901 ## - CES. DATOS SIRTEX
- ID Sirtex (N5N8): 0007700001710
- 005BIS Sirtex: 199811201423BATCH

